000
00245nam a2200109Ia 4500
008
191206s9999 xx 000 0 und d
020
_a
71200690
090
_a
DT647T8
245
4
_a
THE LONELY AFRICAN
260
_a
SIMON SCHUSTER
260
_c
c1962
999
_c
17079
_d
17079